[Event "Challenge"]
[Site "http://www.queenalice.com/game.php?id=750844"]
[Date "2010.3.24"]
[Round "-"]
[White "RodrigoNeres"]
[Black "pioupiou"]
[Result "1-0"]
[WhiteElo "1530"]
[BlackElo "1312"]

1. e4 d6 2. Nf3 e5 3. c4 Nf6 4. Bd3 Bg4 5. Nc3 Nc6 6. b4 Nxb4 7. Qa4+ c6 8. Qxb4
Rb8 9. h3 Be6 10. g4 c5 11. Qa4+ Nd7 12. g5 g6 13. Rb1 a6 14. Rg1 Bg7 15. h4 Bh3
16. Nd5 O-O 17. Bb2 Re8 18. Rg3 Be6 19. h5 Bxd5 20. h6 Bf8 21. cxd5 Qe7 22. Ke2
Nb6 23. Qd1 c4 24. Nh4 cxd3+ 25. Kxd3 Qc7 26. Rc1 Qd8 27. Qf1 1-0

[Event "Let's Play Chess!"]
[Site "http://www.queenalice.com/game.php?id=771244"]
[Date "2010.5.6"]
[Round "-"]
[White "RodrigoNeres"]
[Black "RN"]
[Result "1-0"]
[WhiteElo "1489"]
[BlackElo "1755"]

1. d4 d5 2. Nc3 Nf6 3. Nf3 Nc6 4. Bf4 Bg4 5. Qd3 Bxf3 6. Qxf3 Nxd4 7. Qd3 c5 8.
e3 Nc6 9. Nb5 e5 10. Bg3 e4 11. Qd2 Rc8 12. O-O-O Be7 13. h4 h5 14. f3 Qd7 15.
Nc7+ Rxc7 16. Bxc7 Qxc7 17. g4 hxg4 18. f4 d4 19. Bc4 a6 20. h5 b5 21. Bd5 Nxd5
22. h6 Rxh6 23. Rh2 Nxe3 24. Qe2 Qxf4 25. Rf2 Nxd1+ 26. Rxf4 Bg5 27. Qxe4+ Re6
28. Qf5 1-0

[Event "Let's Play Chess!"]
[Site "http://www.queenalice.com/game.php?id=772524"]
[Date "2010.5.7"]
[Round "-"]
[White "RodrigoNeres"]
[Black "spawnwolfwolverine"]
[Result "1-0"]
[WhiteElo "1451"]
[BlackElo "1744"]

1. e4 e5 2. Nf3 d6 3. Nc3 Bg4 4. Bc4 Bxf3 5. Qxf3 Qf6 6. Nd5 Qd8 7. Nb6 Qf6 8.
Nxa8 Qxf3 9. gxf3 Nf6 10. d3 Be7 11. Bg5 O-O 12. Bxf7+ Rxf7 13. O-O-O Na6 14. d4
h6 15. Bxf6 Rxf6 16. dxe5 Rxf3 17. Nxc7 Nxc7 18. exd6 Bxd6 19. Rxd6 Rxf2 20. Rg1
Rf7 21. c4 b6 22. e5 b5 23. e6 Rf6 24. Rd8+ Kh7 25. e7 bxc4 26. Rc8 Rf7 27. Rxc7
Rxe7 28. Rxe7 a5 29. Rgxg7+ Kh8 30. Rgf7 Kg8 31. Rf6 h5 32. Re5 Kg7 33. Rf4 Kg6
34. Rxa5 h4 35. Rxc4 h3 36. Rc6+ Kf7 37. Ra7+ Ke8 38. Rc8# 1-0

[Event "Challenge"]
[Site "http://www.queenalice.com/game.php?id=772526"]
[Date "2010.5.7"]
[Round "-"]
[White "RodrigoNeres"]
[Black "spaghettiman"]
[Result "1-0"]
[WhiteElo "1513"]
[BlackElo "1537"]

1. e4 d5 2. e5 Nc6 3. Nf3 e6 4. a3 a5 5. Bb5 Bd7 6. Nc3 g5 7. d4 h5 8. Bxg5 Be7
9. O-O Bxg5 10. Qd3 Qe7 11. h4 Bxh4 12. Nxh4 Qxh4 13. Na4 Nxd4 14. Bxd7+ Kxd7
15. Nc5+ Kc8 16. g3 Qg4 17. f4 Ne2+ 18. Kf2 h4 19. Ke3 hxg3 20. Qxe2 Qh3 21. Rh1
g2+ 22. Rxh3 Rxh3+ 23. Kd2 Rh1 24. Qxg2 Rh8 25. Rg1 Ne7 26. Qg7 Re8 27. Qxf7 Kd8
28. Nxb7+ Kd7 29. f5 exf5 30. Rg6 Rg8 31. Nc5+ Kd8 32. Rxg8+ Nxg8 33. Qd7# 1-0

[Event "Let's Play Chess!"]
[Site "http://www.queenalice.com/game.php?id=774304"]
[Date "2010.5.12"]
[Round "-"]
[White "RodrigoNeres"]
[Black "spawnwolfwolverine"]
[Result "0-1"]
[WhiteElo "1524"]
[BlackElo "1719"]

1. e4 e5 2. Nc3 d6 3. Nf3 Bg4 4. Bc4 Bxf3 5. Qxf3 Nf6 6. d3 Be7 7. Bxf7+ Kxf7 8.
h4 g6 9. Bf4 exf4 10. O-O-O Kg7 11. Ne2 Nc6 12. Nxf4 Nd4 13. Qh3 h6 14. c3 g5
15. h5 gxf4 16. g4 a5 17. cxd4 b5 18. g5 hxg5 19. h6+ Kg8 20. Qe6+ Kf8 21. Rdg1
g4 22. Rxg4 Nxg4 23. Qxg4 Bg5 24. Qf5+ Qf6 25. h7 Qxf5 26. exf5 Kg7 27. Rh5 Bh6
28. f6+ Kxh7 29. f7 f3+ 30. Kc2 Kg6 31. f8=N+ Raxf8 32. Rxb5 Bf4 33. a4 Rh2 34.
b4 Rxf2+ 35. Kb3 axb4 36. a5 Rd2 37. a6 Rxd3+ 38. Kc4 Ra3 39. Rb6 b3 40. Kb4 Bc1
41. a7 Rxa7 42. Kxb3 f2 43. Kc4 f1=Q+ 44. Kd5 Ra5+ 45. Kc6 Qc4+ 46. Kb7 Qd5+ 47.
Kxc7 Rf7+ 48. Kb8 Qa8# 0-1

[Event "Let's Play Chess!"]
[Site "http://www.queenalice.com/game.php?id=779404"]
[Date "2010.5.22"]
[Round "-"]
[White "RodrigoNeres"]
[Black "Panzer85"]
[Result "0-1"]
[WhiteElo "1514"]
[BlackElo "1663"]

1. d4 Nf6 2. Nc3 e6 3. a3 d5 4. Nf3 c5 5. e4 Nc6 6. Ne5 Nxe5 7. dxe5 Nd7 8. exd5
Nxe5 9. Bb5+ Bd7 10. dxe6 fxe6 11. f4 Ng6 12. f5 exf5 13. Bg5 Be7 14. O-O O-O
15. Bc4+ Kh8 16. Qh5 Bxg5 17. Rf3 Ne5 18. Rh3 h6 19. Rd1 Nxc4 20. Ne2 Qe8 21.
Qf3 Nxb2 22. Rb1 Bf6 23. c3 Bc6 24. Qf1 Nc4 25. Rd1 Bg5 26. Re1 Ne3 27. Qf2 Nxg2
28. Kf1 Nxe1 29. Kxe1 Rd8 30. Qxc5 Bd2+ 31. Kd1 Be3+ 32. Qd4 Bxd4 33. Nxd4 Ba4+
34. Kc1 Qe1+ 35. Kb2 Qd2+ 0-1

[Event "Kaspreta"]
[Site "http://www.queenalice.com/game.php?id=783997"]
[Date "2010.6.2"]
[Round "-"]
[White "kaspreta"]
[Black "RodrigoNeres"]
[Result "1-0"]
[WhiteElo "2015"]
[BlackElo "1514"]

1. e4 e5 2. Nf3 d6 3. Bc4 Be6 4. Bxe6 fxe6 5. d4 Nf6 6. dxe5 Nxe4 7. exd6 Bxd6
8. Qe2 O-O 9. Qxe4 Nc6 10. Ng5 g6 11. Qxe6+ Kh8 12. Be3 Qf6 13. Qxf6+ Rxf6 14.
Nc3 Bb4 15. O-O-O Be7 16. Nd5 Rff8 17. Nxe7 Nxe7 18. Bc5 Rf5 19. Bxe7 1-0

[Event "Let's Play Chess!"]
[Site "http://www.queenalice.com/game.php?id=786079"]
[Date "2010.6.5"]
[Round "-"]
[White "RodrigoNeres"]
[Black "Jorgecas"]
[Result "0-1"]
[WhiteElo "1540"]
[BlackElo "1496"]

1. e4 Nf6 2. Nc3 e5 3. a3 Bc5 4. Bc4 c6 5. d3 O-O 6. Nge2 Ng4 7. Be3 Bxe3 8.
fxe3 Qf6 9. Rf1 Qh4+ 10. Rf2 Qxf2+ 11. Kd2 Qxg2 12. Qg1 Qxg1 13. Nxg1 Nxh2 14.
Nce2 d6 15. d4 exd4 16. Nxd4 Bg4 17. e5 dxe5 18. Nb3 Rd8+ 19. Kc3 Na6 20. Nd2
Nc5 21. b4 Na4+ 22. Kb3 b5 23. Ne4 bxc4+ 24. Kxa4 Bd7 25. Nc5 Ng4 26. Nf3 Nxe3
27. Nxe5 Bf5 28. Nxc6 Bxc2+ 29. Ka5 Rd6 30. b5 Nd5 31. Re1 Rc8 32. Ne7+ Kf8 33.
Nxc8 Rd8 34. Nxa7 Ra8 35. Ka6 c3 36. Nd7+ Kg8 37. b6 Ba4 38. b7 Rd8 39. b8=Q
Rxb8 40. Nxb8 g6 41. Rd1 Bb3 42. Rc1 c2 43. Nac6 Kg7 44. Nd7 Nc3 45. Nd4 Na2 46.
Rxc2 Bxc2 47. Nxc2 h5 48. Nd4 Nc3 49. Kb6 g5 50. Ne5 h4 51. Ng4 Nd5+ 52. Kc5 Nf4
53. Kd6 h3 54. Nf3 Kg6 55. a4 Kf5 56. Nh6+ Kg6 57. Ng4 Kf5 58. Nge5 f6 59. a5
fxe5 60. a6 g4 61. Nxe5 g3 62. a7 g2 63. a8=Q g1=Q 64. Qf8+ Ke4 65. Qa8+ Kf5 66.
Qf3 h2 67. Nd3 h1=Q 0-1

[Event "Challenge"]
[Site "http://www.queenalice.com/game.php?id=789328"]
[Date "2010.6.13"]
[Round "-"]
[White "emoura"]
[Black "RodrigoNeres"]
[Result "1-0"]
[WhiteElo "1668"]
[BlackElo "1506"]

1. e4 e5 2. Nf3 Nc6 3. Bb5 d6 4. O-O Nf6 5. d3 h6 6. d4 Bd7 7. Re1 g5 8. Nc3 Ng4
9. Nd5 Nxd4 10. Nxd4 exd4 11. Qxd4 Rh7 12. Be2 Bg7 13. Qb4 c6 14. Bxg4 Bxg4 15.
e5 cxd5 16. Qxg4 dxe5 17. c3 Rc8 18. Qa4+ Qd7 19. Qxa7 e4 20. Qa3 Be5 21. Be3
Qc7 22. Red1 Bxh2+ 23. Kf1 g4 24. Rxd5 Qc4+ 25. Ke1 Qxd5 26. Rd1 Qb5 27. Rd4 f5
28. c4 Rxc4 29. Qa8+ Kf7 30. Rxc4 Qxc4 31. Qxb7+ Kg6 32. Qb6+ Kh5 33. Qa5 Qc8
34. g3 Rf7 35. Qb6 Qh8 36. a4 Rf6 37. Qd4 Kg6 38. b4 f4 39. Qxe4+ Rf5 40. Bxf4
Qa1+ 41. Kd2 Qb2+ 42. Ke3 Bg1 43. Qe6+ Rf6 44. Qxg4+ Kf7 45. Kf3 Qxf2+ 46. Ke4
Re6+ 47. Kd5 1-0

[Event "Challenge"]
[Site "http://www.queenalice.com/game.php?id=789337"]
[Date "2010.6.13"]
[Round "-"]
[White "RodrigoNeres"]
[Black "Givanildo"]
[Result "0-1"]
[WhiteElo "1506"]
[BlackElo "1577"]

1. e4 e5 2. Nc3 c6 3. Nf3 f6 4. Bd3 b5 5. O-O Bc5 6. a3 d6 7. b4 Bd4 8. Bb2 Bg4
9. Ne2 Bxb2 10. Ra2 Bxf3 11. gxf3 Bd4 12. c3 Bb6 13. Ng3 h5 14. c4 Ne7 15. cxb5
h4 16. Nf5 Nxf5 17. exf5 h3 18. Re1 Bd4 19. f4 Qb6 20. Kh1 cxb5 21. Rc2 Bxf2 22.
Rc8+ Kd7 23. Rxh8 Bxe1 24. Qxe1 Qc6+ 25. Be4 d5 26. Bc2 Qxc2 27. fxe5 Qxf5 28.
Qg3 Qf1+ 29. Qg1 Qf3+ 0-1

[Event "Challenge"]
[Site "http://www.queenalice.com/game.php?id=795165"]
[Date "2010.6.26"]
[Round "-"]
[White "rodriw02"]
[Black "RodrigoNeres"]
[Result "0-1"]
[WhiteElo "1484"]
[BlackElo "1498"]

1. e4 e6 2. Nf3 d6 3. d3 Nc6 4. Ng5 f6 5. Nh3 g5 6. Qh5+ Kd7 7. Nc3 Nd4 8. Nb5
Nxb5 9. c4 Nd4 10. Qd1 e5 11. Be3 Ne6 12. Qa4+ c6 13. Be2 Ke8 14. Bh5+ Ke7 15.
O-O Nc5 16. Bxc5 dxc5 17. b4 Qxd3 18. Rad1 Qxc4 19. Qa5 b6 20. Qa3 cxb4 21. Qb2
Bxh3 22. gxh3 Ke6 23. Qd2 f5 24. Qd7+ Kf6 25. exf5 Bc5 26. Qxc6+ Kxf5 27. Qxa8
Qh4 28. Qc8+ Kf4 29. Be2 h5 30. Qc6 Qxh3 31. Qc7 Nh6 32. Rd5 Re8 33. Bb5 Ng4 34.
Bxe8 Qxh2# 0-1

[Event "Let's Play Chess!"]
[Site "http://www.queenalice.com/game.php?id=807725"]
[Date "2010.7.24"]
[Round "-"]
[White "RodrigoNeres"]
[Black "jeancarlo1910"]
[Result "0-1"]
[WhiteElo "1546"]
[BlackElo "1859"]

1. e4 c5 2. Bc4 Nc6 3. Nf3 h6 4. Nc3 e6 5. d3 Nf6 6. e5 Ng4 7. Bf4 f6 8. Qe2
fxe5 9. Nxe5 Ngxe5 10. Bxe5 Qg5 11. Ne4 Qxe5 12. c3 d5 13. d4 cxd4 14. cxd4 Nxd4
15. Qd2 Qxe4+ 16. Kd1 dxc4 17. Re1 Qd5 18. g4 e5 19. a4 Bxg4+ 20. Kc1 Nb3+ 21.
Kb1 Nxd2+ 22. Ka2 c3+ 23. b3 Qxb3# 0-1

[Event "Let's Play Chess!"]
[Site "http://www.queenalice.com/game.php?id=807726"]
[Date "2010.7.24"]
[Round "-"]
[White "RodrigoNeres"]
[Black "jeancarlo1910"]
[Result "0-1"]
[WhiteElo "1543"]
[BlackElo "1862"]

1. e4 c5 2. Nf3 Nc6 3. Nc3 d6 4. d3 Nd4 5. Nxd4 cxd4 6. Nd5 Nf6 7. h3 Nxd5 8.
exd5 Qa5+ 9. Bd2 Qxd5 10. c4 Qc6 11. Rc1 e5 12. f3 Be7 13. Bb4 a5 14. Ba3 O-O
15. g4 f5 16. h4 fxg4 17. h5 Rxf3 18. Bg2 Re3+ 19. Kf2 g3+ 20. Kf1 Qe8 21. Bd5+
Kh8 22. h6 Qf8+ 23. Kg2 Qf2# 0-1

[Event "Let's Play Chess!"]
[Site "http://www.queenalice.com/game.php?id=807727"]
[Date "2010.7.24"]
[Round "-"]
[White "RodrigoNeres"]
[Black "jeancarlo1910"]
[Result "0-1"]
[WhiteElo "1506"]
[BlackElo "1858"]

1. Nf3 d5 2. h3 Nc6 3. d3 e5 4. Be3 d4 5. Bg5 f6 6. Bd2 Bd6 7. e4 Nge7 8. g4 g5
9. h4 Bxg4 10. hxg5 Ng6 11. Bh3 Bxh3 12. Rxh3 Be7 13. c4 Qd7 14. Ng1 O-O-O 15.
Na3 Bxa3 16. Qb3 Be7 17. O-O-O fxg5 18. a4 Nf4 19. Bxf4 gxf4 20. Kc2 Nb4+ 21.
Kd2 c5 22. Ra1 Rhg8 23. Rh2 Bg5 0-1

[Event "AUTO-INT-1767"]
[Site "http://www.queenalice.com/game.php?id=807911"]
[Date "2010.7.24"]
[Round "1"]
[White "RodrigoNeres"]
[Black "rodrigohuii"]
[Result "0-1"]
[WhiteElo "1522"]
[BlackElo "1717"]

1. e4 e5 2. Qh5 d6 3. Bc4 g6 4. Qf3 Nf6 5. d3 h6 6. Ne2 Bg7 7. Bxf7+ Kxf7 8. Nd2
Rf8 9. d4 Bg4 10. Qe3 Bxe2 11. Qxe2 Kg8 12. Qc4+ d5 13. exd5 Qxd5 14. Qxc7 Na6
15. Qc4 Rac8 16. Qb3 Kh7 17. dxe5 Qxe5+ 18. Qe3 Qxe3+ 19. fxe3 Rxc2 20. O-O Nb4
21. b3 Rxa2 22. Ba3 Rxa1 23. Rxa1 Nc2 24. Bxf8 Nxa1 25. Bxg7 Kxg7 26. b4 Ng4 27.
e4 Nc2 28. h3 Nge3 29. e5 Kf7 30. Nf3 Nxb4 0-1

[Event "AUTO-INT-1767"]
[Site "http://www.queenalice.com/game.php?id=807912"]
[Date "2010.7.24"]
[Round "1"]
[White "rodrigohuii"]
[Black "RodrigoNeres"]
[Result "1-0"]
[WhiteElo "1725"]
[BlackElo "1514"]

1. e4 e5 2. Nf3 d6 3. h3 Nf6 4. Nc3 c6 5. d4 Nbd7 6. d5 c5 7. Bg5 h6 8. Bxf6
Qxf6 9. Bb5 Be7 10. O-O O-O 11. Be2 Nb6 12. Nh2 Qg5 13. a4 Bxh3 14. Ng4 Qh4 15.
Bf3 Nd7 16. gxh3 Qxh3 17. Bg2 Qh4 18. Ne3 Nf6 19. Nf5 Qg5 20. Nxe7+ Kh8 21. Qf3
Nh5 22. Nf5 g6 23. Ng3 Nf4 24. Nce2 h5 25. Nxf4 exf4 26. Ne2 h4 27. Nxf4 Rae8
28. Nh3 Qe5 29. c3 f5 30. Qf4 1-0

[Event "AUTO-INT-1767"]
[Site "http://www.queenalice.com/game.php?id=807913"]
[Date "2010.7.24"]
[Round "1"]
[White "RodrigoNeres"]
[Black "CapivaraN1"]
[Result "0-1"]
[WhiteElo "1504"]
[BlackElo "1303"]

1. e4 c5 2. Nf3 Nc6 3. Bc4 d6 4. Nc3 a6 5. d3 Bg4 6. Ne5 Nxe5 7. Bxf7+ Kxf7 8.
f3 Bd7 9. O-O Nf6 10. f4 Ng6 11. f5 Ne5 12. Ne2 g6 0-1

[Event "AUTO-INT-1767"]
[Site "http://www.queenalice.com/game.php?id=807914"]
[Date "2010.7.24"]
[Round "1"]
[White "CapivaraN1"]
[Black "RodrigoNeres"]
[Result "0-1"]
[WhiteElo "1354"]
[BlackElo "1537"]

1. c4 e5 2. Nc3 c6 3. Nf3 Bd6 4. d4 Ne7 5. Bg5 f6 6. Bd2 O-O 7. Qc2 c5 8. Nb5
Qb6 9. e3 e4 10. Qxe4 f5 0-1

[Event "AUTO-INT-1767"]
[Site "http://www.queenalice.com/game.php?id=807915"]
[Date "2010.7.24"]
[Round "1"]
[White "RodrigoNeres"]
[Black "Chandra"]
[Result "0-1"]
[WhiteElo "1539"]
[BlackElo "2143"]

1. e4 c5 2. Nf3 Nc6 3. Bc4 Nf6 4. Nc3 e6 5. O-O d5 6. exd5 exd5 7. Qe2+ Be7 8.
Nh4 dxc4 9. Qxc4 O-O 10. d3 Ne5 11. Qf4 Nc6 12. Nf5 Bxf5 13. Qxf5 Nd4 14. Qh3
Nxc2 15. Rb1 Re8 16. Be3 Qxd3 17. Rbd1 Qc4 18. Qf5 Nxe3 19. Qd3 Qxd3 20. Rxd3
Nxf1 21. Kxf1 Rad8 22. Rh3 Rd2 23. Ke1 Rxb2 24. Rd3 Ng4 25. Na4 Bh4+ 26. Kf1
Rb1+ 27. Rd1 Rxd1# 0-1